Don Rosan ankkasarjakuvat - Statistics

Yleistilastot
  • Tätä visaa on pelattu 19 kertaa
  • Keskiarvotulos 28 / 86
Vastaustilastot
Vuosi Nimi % Oikein
2000 Kolmen Caballeron paluu
71%
1998 Musta Ritari
71%
1996 Paino-ongelmia
65%
1999 Sammon salaisuus
65%
1991 Takaisin Xanaduun
65%
2001 Temppeliherrojen kätketty kruunu
65%
1993 Transvaalin tuittupää
65%
1987 Auringon poika
59%
1993 Kadonneen kirjaston vartijat
59%
1993 Klondiken keisari
59%
1996 Kymmenen avataran aarre
59%
1992 Mississippin mestari
59%
1999 Pako kielletystä laaksosta
59%
2003 Musta ritari slurppaa jälleen
53%
1997 K.A.S.V.A.T.U.S.O.P.P.I.A.
47%
1992 Klaaninsa viimeinen
47%
1993 Ankkapurhan uusi valtias
41%
1995 Ensilantin tarina
41%
1987 Jos metsään haluat mennä nyt...
41%
1992 Julman maan jehu
41%
2003 Kirje kotoa
41%
1991 Mestaripuutarhuri
41%
1989 Nokkadamuksen kirous
41%
2001 Talon kokoinen vastustaja
41%
2002 Unelmoiden läpi elämän
41%
1993 Uniajan urho
41%
2002 Unohda koko juttu!
41%
1993 Ankantaan miljardööri
35%
1994 Ankkapalatsin erakko
35%
1997 Eldoradon viimeinen valtias
35%
1996 Hämäyksen hurrikaani
35%
1999 Hollantilaisen salaisuus
35%
1990 Hopealautasella
35%
1993 Kuparikukkulan kuningas
35%
1994 Maailman rikkain ankka
35%
1995 Matka Maan keskipisteeseen
35%
1991 Saari ajan rajalla
35%
1991 Windigojen mailla
35%
1989 Andien kutsu
29%
1994 Ankkalinnakkeen valloittaja
29%
1991 Avaruuden valloittajat
29%
1997 Kaikkein mieluisin lahja
29%
1997 Kolmoistikliaisen merkki
29%
1995 Kolumbuksen kadonneet kartat
29%
1995 Kutistuva kitupiikki
29%
1988 Lumikenttien kimallus
29%
1988 Oi kuusipuu
29%
1991 Pysähtyneisyyden aika
29%
1997 Valvova silmä
29%
1991 Aarre lasimaljassa
24%
1996 Ankka kuningas Arthurin hovissa
24%
1998 Cutty Sarkin cowboykapteeni
24%
2002 Ensimmäinen keksintö
24%
1989 Hänen majesteettinsa Roope Ankka
24%
1999 Kolikko karussa
24%
1988 Krokotiilinmetsästäjä
24%
1991 Nokanneulan tapaus
24%
1988 Onnesta turtana
24%
1987 Rahavirta
24%
2004 Seitsemän (miinus neljä) rohkeata caballeroa
24%
1988 Tuloskunnossa
24%
1995 Yukonin sydämet
24%
1990 Ahneen palkka
18%
1990 Ankkalinnan pillipiipari
18%
2000 Hakkaa päälle!
18%
1997 Kaksisilmäisten avaruushirviöiden hyökkäys
18%
1995 Karhukoplanloukku
18%
1995 Kroisoksen aarre
18%
1990 Laiskanläksy
18%
1987 Liikenerot
18%
1987 Monikäyttöauto
18%
2003 Täyttä roskaa
18%
1988 Tyylittä taaplaten
18%
1988 Vaarojen vuori
18%
2006 White Agony Creekin vanki
18%
1994 Ankkalinnasta Lillehammeriin
12%
1988 Avaruusnokosilla
12%
2001 Culebran liikenero
12%
1990 Merkitsemätön merkkipäivä
12%
1990 Odottavan onki
12%
1994 Olla kuin ei olisikaan
12%
1990 Onni, jonka annoin pois
12%
1988 Suurin kurpitsa
12%
1988 Uutisjahti
12%
1990 Aikasauva
6%
1992 Vahva-Jussin paluu
6%
Ehtoja vastaavia visoja ei löytynyt
Tulosjakauma
Jokaisen tuloksen saaneiden osuus
Persentiili vastausten määrän mukaan
Tuloshistoriasi
Et ole pelannut tätä visaa